| 000 | 00444nam a2200169Ia 4500 | ||
|---|---|---|---|
| 005 | 20250424120229.0 | ||
| 008 | 250424s9999 xx 000 0 und d | ||
| 022 | _a2276707x | ||
| 050 | _aQD 1 .C44/ | ||
| 245 | 0 | _aChemsearch journal | |
| 260 | _aKano, Nigeria | ||
| 260 | _bChemical society of Nigeria | ||
| 260 | _c2015 | ||
| 300 | _aviii, 85 p. :ill. ; 28 cm. | ||
| 650 | _aChemistry--Periodicals. Science--Periodicals. | ||
| 942 | _cSR | ||
| 999 |
_c38127 _d38127 |
||